00586nam a2200169Ia 4500008004100000020001500041041000800056082001800064100003400082245008000116250000600196260003900202300001500241650000900256999001900265952013200284210716s2005 xx 000 0 und d a8129704307 aeng a004.6702 MORB aMorgan, Brian; Dennis, Craig. aCcnp self study ccnp bcran exam: certification guide.bCertification guide. a2 aNew DelhibPearson Educationc2005 axxxiii,519 aNone c187682d187682 001040708MCAaAIMITbAIMITeKnowledge Worldg399.00l0o004.6702 MORBpMCA07190r2025-07-21 00:00:00v319.20w2021-07-16yBK